3000 biggest cities in the US on a map - Statistics

General Stats
  • This quiz has been taken 74 times
  • The average score is 463 of 3000
Answers on the Map
Answers color-coded by a green-red scale on the quiz's map according to % correct below.
 
Answer Stats
City Population % Correct
Chicago 2,664,452
90%
Jackson 143,709 | 15,742 | 30,854 | 68,264
90%
Los Angeles 3,820,914
90%
Miami 12,866 | 455,924
90%
New York City 8,258,035
90%
Portland 13,578 | 20,481 | 630,498 | 69,104
90%
Sandy 12,946 | 91,943
90%
Denver 716,577
88%
Detroit 633,218
88%
Jacksonville 14,420 | 14,682 | 17,237 | +3 others
88%
Las Vegas 12,905 | 660,929
88%
Phoenix 1,650,070
88%
San Francisco 808,988
85%
Seattle 755,078
85%
Atlanta 510,823
83%
Austin 26,171 | 979,882
83%
Baltimore 565,239
83%
Colorado Springs 488,664
83%
Dallas 1,302,868 | 14,985 | 17,644
83%
El Paso 678,958
83%
Minneapolis 425,115
83%
Mount Washington 18,637
83%
Washington 12,513 | 13,429 | 15,450 | +3 others
83%
Fort Worth 978,468
81%
Honolulu 341,778
81%
Oklahoma City 702,767
81%
Sacramento 526,384
81%
St. Paul 303,820
81%
Tampa 403,364
81%
Albuquerque 560,274
79%
Anchorage 286,075
79%
Boise 235,421
79%
Boston 653,833
79%
Columbus 201,877 | 23,035 | 24,464 | +2 others
79%
Houston 2,314,157
79%
Kansas City 152,933 | 510,704
79%
Lincoln 13,072 | 294,757 | 54,538
79%
Memphis 618,639
79%
Philadelphia 1,550,542
79%
San Diego 1,388,320
79%
Birmingham 196,644 | 21,434
77%
Buffalo 16,541 | 274,678
77%
Charlotte 911,311
77%
Cleveland 362,656 | 49,086
77%
Green 27,338
77%
Milwaukee 561,385
77%
Nashville 687,788
77%
New Orleans 364,136
77%
Oakland 12,680 | 436,504
77%
Orlando 320,742
77%
Salt Lake City 209,593
77%
San Antonio 1,495,295
77%
San Jose 969,655
77%
St. Louis 281,754
77%
Anna 27,501
75%
Fresno 545,716
75%
Indianapolis 879,293
75%
Springfield 112,544 | 153,672 | 170,188 | +3 others
75%
Tallahassee 202,221
75%
Tucson 547,239
75%
Cheyenne 65,168
73%
Indiana 14,289
73%
Milwaukie 21,594
73%
Omaha 483,335
73%
Raleigh 482,295
73%
Albany 101,228 | 19,097 | 57,053 | 66,877
71%
Cincinnati 311,097
71%
Columbia 10,933 | 129,330 | 142,416 | 47,445
71%
Helena 22,117 | 34,464
71%
Madison 12,208 | 16,432 | 27,987 | +2 others
71%
Richmond 114,106 | 12,816 | 229,247 | +2 others
71%
Tulsa 411,894
71%
Virginia Beach 453,649
71%
Wichita 396,119
71%
Charleston 155,369 | 17,028 | 46,838
69%
Key West 25,103
69%
Louisville 20,390 | 622,981
69%
Pittsburg 20,504 | 75,803
69%
Reno 274,915
69%
Rochester 12,779 | 122,413 | 207,274 | 33,519
69%
Santa Fe 12,980 | 89,167
69%
Augusta 19,102 | 200,884
67%
Baton Rouge 219,573
67%
Carson 58,036 | 91,139
67%
Santa Ana 310,539
67%
Winston-Salem 252,975
67%
Anaheim 340,512
65%
Baker 12,057
65%
Bakersfield 413,381
65%
Des Moines 210,381 | 31,988
65%
Juneau 31,555
65%
Mesa 511,648
65%
Salem 11,715 | 177,432 | 25,600 | 44,744
65%
St. Peter 12,291
65%
Arlington 15,305 | 21,206 | 398,431
63%
Aurora 17,717 | 177,563 | 395,052
63%
Billings 120,864
63%
Fargo 133,188
63%
Hartford 119,669 | 15,894
63%
Lansing 11,221 | 112,115 | 27,713
63%
Little Rock 203,842
63%
Long Beach 16,991 | 34,595 | 449,468
63%
Montgomery 10,801 | 195,287 | 21,955
63%
Pittsburgh 303,255
63%
Providence 190,792
63%
Syracuse 145,560 | 37,022
63%
Topeka 125,475
63%
Bismarck 75,092
60%
Dover 12,985 | 18,435 | 33,485 | 39,894
60%
Fort Lauderdale 184,255
60%
Huntsville 225,564 | 48,552
60%
Jefferson 15,756
60%
Jersey City 291,657
60%
Spokane 229,447
60%
St. Peters 59,413
60%
St. Petersburg 263,553
60%
Toledo 265,304
60%
Akron 188,701
58%
Amarillo 202,408
58%
Corpus Christi 316,595
58%
Grand Rapids 11,271 | 196,608
58%
Green Bay 105,744
58%
Greensboro 302,296
58%
Lexington 10,816 | 19,840 | 24,921 | 320,154
58%
Mobile 182,595
58%
Olympia 55,733
58%
Riverside 24,340 | 318,858
58%
Savannah 147,748
58%
Boulder 105,898
56%
Dayton 135,512
56%
Henderson 13,464 | 14,857 | 27,734 | 337,305
56%
Newark 30,169 | 304,960 | 46,929 | 51,046
56%
Annapolis 40,552
54%
Concord 110,119 | 122,315 | 44,629
54%
Fairbanks 31,856
54%
Glendale 12,919 | 187,050 | 253,855
54%
Irvine 314,621
54%
Knoxville 198,162
54%
North Las Vegas 284,771
54%
Orange 138,337 | 19,108
54%
San Bernardino 223,728
54%
Sioux Falls 206,410
54%
Stockton 319,543
54%
Tacoma 222,906
54%
Bridgeport 148,028
52%
Erie 35,269 | 92,957
52%
Fort Wayne 269,994
52%
Frankfort 16,409 | 20,907 | 28,285
52%
Hollywood 153,859
52%
New Haven 135,319 | 15,974
52%
Newport 13,812 | 24,717
52%
Scottsdale 244,394
52%
Trenton 13,758 | 17,891 | 89,620
52%
Vancouver 196,442
52%
Gary 67,652
50%
Harrisburg 19,883 | 50,012
50%
Norfolk 230,930 | 26,147
50%
Santa Clara 131,062
50%
Yonkers 207,657
50%
Athens 128,628 | 13,503 | 14,731 | +2 others
48%
Atlantic City 38,464
48%
Brownsville 190,158
48%
Eugene 177,899
48%
Flint 79,661
48%
Jefferson City 42,552
48%
Manchester 115,474 | 13,272 | 18,012
48%
McAllen 146,593
48%
Rome 31,652 | 38,111
48%
Santa Barbara 86,499
48%
Sioux City 85,727
48%
Waco 144,816
48%
Alexandria 14,943 | 155,230 | 43,466
46%
Allen 111,620
46%
Bell 31,864
46%
Burbank 102,755 | 28,164
46%
Chattanooga 187,030
46%
Durham 296,186
46%
Huntington 16,992 | 45,325
46%
Huntington Beach 192,129
46%
Lafayette 121,467 | 25,048 | 30,439 | 71,216
46%
Lancaster 166,236 | 40,215 | 41,422 | 57,153
46%
Laredo 257,602
46%
Las Cruces 114,892
46%
Lubbock 266,878
46%
Newport News 183,118
46%
Peoria 110,460 | 198,750
46%
Pierre 13,880
46%
Provo 113,343
46%
Santa Clarita 224,028
46%
Santa Monica 89,922
46%
St. George 104,578
46%
Tyler 110,327
46%
Wilmington 12,600 | 122,698 | 71,675
46%
Worcester 207,621
46%
Auburn 13,658 | 13,888 | 24,793 | +3 others
44%
Burlington 11,040 | 23,565 | 44,528 | 60,032
44%
Duluth 32,350 | 87,680
44%
Elizabeth 135,829
44%
Fayetteville 101,680 | 20,083 | 209,749
44%
Fort Collins 170,376
44%
Franklin 11,653 | 25,908 | 35,485 | 88,558
44%
Greenville 12,696 | 13,286 | 27,644 | +3 others
44%
Hialeah 221,300
44%
Missoula 77,757
44%
Monroe 15,600 | 15,929 | 19,447 | +3 others
44%
Oceanside 170,020
44%
Santa Rosa 175,845
44%
Allentown 124,880
42%
Ann Arbor 119,381
42%
Cambridge 118,214 | 13,176
42%
Chesapeake 253,886
42%
Chester 33,595
42%
Idaho Falls 68,001
42%
Irving 254,373
42%
Modesto 218,915
42%
Paris 24,969
42%
Shreveport 177,959
42%
Yuma 100,858
42%
Casper 58,720
40%
Daytona Beach 82,485
40%
Flagstaff 76,586
40%
Fontana 215,465
40%
Fort Myers 97,372
40%
Fremont 15,812 | 226,208 | 27,602
40%
Frisco 225,007
40%
Kent 133,378 | 27,601
40%
Miami Beach 79,607
40%
Moreno Valley 212,392
40%
Odessa 115,743
40%
Ontario 11,866 | 182,457
40%
Pasadena 133,560 | 146,716
40%
Tempe 189,834
40%
Utica 63,607
40%
Bangor 31,628
38%
Bellevue 151,574 | 16,730 | 63,922
38%
Berkeley 118,962
38%
Bozeman 57,305
38%
Cape Coral 224,455
38%
Eden 15,332
38%
Gainesville 145,812 | 18,107 | 47,265
38%
Garland 243,470
38%
Hamilton 62,997
38%
Lawrence 49,235 | 88,172 | 96,207
38%
Macon 156,512
38%
Manhattan 53,682
38%
Overland 15,496
38%
Plano 12,676 | 290,190
38%
Port St. Lucie 245,021
38%
Redding 92,727
38%
Roseville 159,135 | 35,451 | 46,666
38%
Santa Maria 109,987
38%
Scranton 75,805
38%
Surprise 158,285
38%
Texas City 56,609
38%
Tuscaloosa 111,338
38%
York 44,867
38%
Bloomington 78,587 | 78,840 | 87,398
35%
Bowling Green 30,384 | 76,212
35%
Camden 71,100
35%
Canton 12,875 | 36,857 | 69,197
35%
Carlsbad 113,495 | 31,499
35%
Cedar Rapids 135,958
35%
Chandler 280,167
35%
Chula Vista 274,333
35%
Denton 158,349
35%
Frederick 17,676 | 85,793
35%
Georgetown 39,462 | 96,312
35%
Great Falls 60,422
35%
Hampton 137,098
35%
Joliet 150,489
35%
Kenosha 98,211
35%
Midland 138,397 | 42,663
35%
Niagara Falls 47,599
35%
Norman 130,046
35%
Ogden 87,267
35%
Overland Park 197,089
35%
Oxnard 198,488
35%
Paterson 156,452
35%
Patterson 25,063
35%
Plymouth 10,989 | 77,648
35%
Pueblo 111,077
35%
Quincy 101,597 | 38,803
35%
Rapid City 79,404
35%
Roanoke 10,798 | 97,171
35%
Rockford 146,120
35%
Stamford 136,226
35%
Troy 11,209 | 14,591 | 17,836 | +3 others
35%
Victorville 138,869
35%
Asheville 95,056
33%
Beaumont 112,193 | 58,463
33%
Butte 35,701
33%
Chesterfield 49,166
33%
Chico 101,301
33%
Clarksville 180,716 | 22,208
33%
College Station 125,192
33%
Compton 90,986
33%
Dearborn 105,811
33%
Edinburg 105,799
33%
Garden Grove 168,234
33%
Gilbert 275,411
33%
Gulfport 11,655 | 72,823
33%
Inglewood 102,865
33%
Iowa City 75,678
33%
Lake Charles 79,633
33%
Lakewood 155,961 | 49,337 | 62,303 | 78,135
33%
Lowell 11,239 | 11,466 | 114,296
33%
Naperville 150,245
33%
Nashua 91,003
33%
Palmdale 161,404
33%
Portsmouth 17,555 | 22,733 | 96,793
33%
Princeton 28,027 | 30,289
33%
Roswell 47,109 | 91,706
33%
San Mateo 101,327
33%
St. Joseph 70,634
33%
Thousand Oaks 123,463
33%
Warren 136,655 | 38,751
33%
Cary 17,977 | 180,010
31%
Chino 93,114
31%
Clinton 23,588 | 24,239 | 26,698
31%
Corona 160,238
31%
Davenport 100,354 | 15,068
31%
Davis 65,832
31%
Dublin 16,008 | 48,923 | 69,128
31%
Evans 22,326
31%
Florence 24,291 | 32,917 | 40,609 | 42,437
31%
Fort Smith 89,770
31%
Fullerton 139,250
31%
Galveston 53,237
31%
Glasgow 15,313
31%
Hayward 155,675
31%
Lakeland 122,264 | 14,147
31%
Logan 55,250
31%
Miami Gardens 110,717
31%
Murfreesboro 165,430
31%
New London 27,560
31%
North Charleston 121,469
31%
Oxford 22,078 | 22,340 | 27,008
31%
Reading 94,903
31%
Salina 45,792
31%
Salinas 159,506
31%
Simi Valley 125,113
31%
Twin Falls 54,943
31%
Union 13,000
31%
Visalia 144,998
31%
West Palm Beach 124,130
31%
Yakima 96,750
31%
Youngstown 59,108
31%
Abilene 129,043
29%
Ada 16,611
29%
Appleton 74,719
29%
Avon 24,231 | 25,403
29%
Bend 104,557
29%
Bethlehem 78,300
29%
Boca Raton 99,974
29%
Broken Arrow 119,194
29%
Brooklyn 11,022
29%
Carrollton 132,918 | 27,793
29%
Davie 107,799
29%
Elk Grove 178,444
29%
Evansville 115,332
29%
Farmington 11,391 | 18,362 | 23,909 | +2 others
29%
Hudson 15,473 | 22,968
29%
Independence 120,922 | 29,503
29%
Johnson City 14,874 | 73,337
29%
Jonesboro 80,650
29%
Joplin 53,095
29%
Killeen 159,643
29%
Meridian 134,801 | 33,551
29%
Moscow 26,387
29%
Mount Pleasant 16,055 | 20,859 | 27,727 | 95,232
29%
Napa 77,492
29%
Naples 19,704
29%
New Rochelle 83,742
29%
Newton 13,399 | 15,645 | 18,251 | 88,415
29%
Olathe 147,461
29%
Palm Springs 27,132 | 45,218
29%
Pensacola 53,724
29%
Santa Cruz 61,501
29%
Sparks 110,323
29%
St. Cloud 66,448 | 71,013
29%
Sterling 12,954 | 14,508
29%
Sterling Heights 133,306
29%
Sunrise 96,808
29%
Taylor 17,337 | 61,241
29%
Torrance 139,224
29%
Victoria 11,493 | 65,800
29%
West Jordan 114,908
29%
West Valley City 134,470
29%
Winchester 19,254 | 27,617
29%
Aberdeen 17,014 | 18,006 | 28,110
27%
Beaverton 96,945
27%
Benton 37,558
27%
Bentonville 59,471
27%
Beverly 42,318
27%
Bristol 16,807 | 27,854 | 61,601
27%
Champaign 89,189
27%
Clearwater 116,850
27%
Decatur 24,307 | 58,321 | 68,670
27%
Downey 108,816
27%
Escondido 148,122
27%
Everett 111,180 | 50,318
27%
Goodyear 111,805
27%
Grand Prairie 202,134
27%
Greeley 112,609
27%
Hillsboro 107,730
27%
Hoover 92,448
27%
Jupiter 61,291
27%
Kingston 13,331 | 23,777
27%
Kirkland 91,194
27%
Kissimmee 81,269
27%
Lewiston 34,836 | 38,404
27%
McKinney 213,509
27%
Melbourne 86,960
27%
Myrtle Beach 39,697
27%
Nampa 114,268
27%
New Bedford 100,695
27%
Pomona 145,502
27%
Poughkeepsie 31,772
27%
Rancho Cucamonga 174,405
27%
San Luis 37,966
27%
San Marcos 71,569 | 94,188
27%
South Bend 103,395
27%
Spokane Valley 108,235
27%
Springdale 11,073 | 88,224
27%
St. Charles 32,654 | 71,800
27%
Sunnyvale 151,967
27%
Vallejo 122,807
27%
Ventura 109,058
27%
Waterbury 114,990
27%
Westminster 114,875 | 20,536 | 88,729
27%
Wichita Falls 102,691
27%
Anderson 11,210 | 29,980 | 55,199
25%
Biloxi 48,235
25%
Charlottesville 44,983
25%
Danbury 86,124
25%
Eagle 32,319
25%
Eau Claire 70,542
25%
Edmond 98,103
25%
Eureka 13,092 | 25,734
25%
Fairfield 120,768 | 44,447
25%
Grand Junction 69,412
25%
Harrison 13,320 | 13,409 | 14,524 | +2 others
25%
Ithaca 32,724
25%
Jamestown 15,691 | 27,965
25%
Kalamazoo 73,126
25%
Lebanon 15,342 | 15,429 | 17,252 | +4 others
25%
Lewisville 133,553 | 14,002
25%
Mesquite 147,317 | 22,786
25%
Middletown 25,022 | 30,152 | 47,984 | 51,478
25%
Miramar 138,319
25%
Mission 87,292
25%
Moore 63,470
25%
Mount Vernon 14,247 | 16,551 | 35,259 | 71,168
25%
New Britain 74,080
25%
North Little Rock 64,531
25%
Orem 95,519
25%
Panama City 35,660
25%
Pembroke Pines 171,119
25%
Racine 76,602
25%
Rio Rancho 110,660
25%
Sarasota 57,602
25%
Schenectady 68,544
25%
Texarkana 29,223 | 35,741
25%
Vista 98,344
25%
Wilson 47,833
25%
Ames 65,686
23%
Apple Valley 55,336 | 75,036
23%
Avondale 93,545
23%
Binghamton 46,727
23%
Buckeye 108,909
23%
Clovis 125,826 | 37,612
23%
Coeur d'Alene 56,894
23%
Cranston 82,635
23%
Dodge City 27,514
23%
Grand Forks 58,921
23%
Grand Island 52,622
23%
High Point 116,926
23%
Indio 93,057
23%
Jurupa Valley 107,321
23%
Laramie 32,152
23%
Lehi 90,227
23%
Longview 37,925 | 83,236
23%
Lynn 101,241
23%
Minot 47,373
23%
Monterey 29,116
23%
Norwalk 14,873 | 17,130 | 92,458 | 98,078
23%
Oshkosh 66,184
23%
Owensboro 60,140
23%
Pearl 28,117
23%
Pocatello 58,064
23%
Round Rock 130,406
23%
San Clemente 62,313
23%
Sandy Springs 105,793
23%
Suffolk 100,659
23%
Sugar Land 108,515
23%
Temecula 110,682
23%
Weston 15,969 | 68,181
23%
Arvada 121,414
21%
Bellingham 94,720
21%
Beverly Hills 30,974
21%
Brandon 10,958 | 25,719
21%
Cedar Falls 40,737
21%
Centennial 106,883
21%
Daly City 99,833
21%
Dothan 71,258
21%
East Providence 46,900
21%
Elgin 113,310 | 12,304
21%
Enterprise 30,271
21%
Evanston 11,807 | 75,070
21%
Fishers 104,094
21%
Fredericksburg 11,542 | 28,928
21%
Greenfield 17,628 | 20,634 | 25,920 | 36,916
21%
Lawton 90,245
21%
Leeds 12,416
21%
Littleton 44,451
21%
Menifee 113,433
21%
Morgantown 30,429
21%
Morris 14,508
21%
North Miami 59,008
21%
O'Fallon 31,968 | 94,074
21%
Oregon 11,676 | 19,711
21%
Renton 104,491
21%
Richardson 117,435
21%
Rutland 15,630
21%
San Angelo 99,262
21%
Sault Ste. Marie 13,320
21%
Star 16,333
21%
Thornton 144,922
21%
Tracy 98,010
21%
Tupelo 37,675
21%
Walla Walla 33,339
21%
Waterloo 11,144 | 66,606
21%
Watertown 22,692 | 23,230 | 24,157
21%
West Fargo 40,400
21%
White Plains 61,288
21%
Wilkes-Barre 44,254
21%
Williamsburg 15,847
21%
Arlington Heights 74,495
19%
Bay City 17,561 | 32,082
19%
Brockton 104,890
19%
Carmel 102,296
19%
Conway 27,985 | 69,580
19%
Coral Springs 134,906
19%
Deltona 98,739
19%
Des Plaines 58,010
19%
Elko 20,785
19%
Fall River 93,840
19%
Federal Way 97,701
19%
Gresham 110,685
19%
Hemet 92,368
19%
Highland 20,217 | 23,525 | 56,202
19%
Hot Springs 37,994
19%
Huron 14,618
19%
Jeffersonville 51,235
19%
Kearney 11,060 | 34,362
19%
Kearny 39,370
19%
Lake Havasu City 59,257
19%
Largo 82,248
19%
League City 116,320
19%
Lee's Summit 104,184
19%
Livonia 92,185
19%
Lynchburg 79,535
19%
Medford 58,744 | 85,098
19%
Merced 93,692
19%
Milford 13,289 | 50,421
19%
Mission Viejo 90,624
19%
Mountain View 81,785
19%
Murrieta 111,878
19%
New Braunfels 110,958
19%
New Castle 17,329 | 21,413
19%
Newcastle 12,761 | 14,001
19%
Northport 31,111
19%
North Port 88,934
19%
Ocala 68,426
19%
Palm Bay 135,566
19%
Palo Alto 65,882
19%
Parker 62,743
19%
Parma 78,951
19%
Pawtucket 75,321
19%
Pearland 127,736
19%
Petersburg 33,309
19%
Pompano Beach 113,619
19%
Redwood City 80,996
19%
Rialto 103,391
19%
Saginaw 25,139 | 43,185
19%
Sanford 22,251 | 32,064 | 65,394
19%
San Leandro 85,784
19%
Southaven 56,851
19%
South Burlington 21,043
19%
South Portland 26,840
19%
St. John 23,644
19%
Union City 10,954 | 27,832 | 64,462 | 65,414
19%
Urbana 11,161 | 38,209
19%
Vacaville 102,526
19%
Warwick 82,999
19%
Waukegan 87,642
19%
Wayne 17,078
19%
Windsor 25,828 | 40,349
19%
Yuba City 68,666
19%
Alameda 75,353
17%
Alamo 20,460
17%
Antioch 117,096 | 14,833
17%
Belleville 40,726
17%
Bowie 57,254
17%
Bryan 89,615
17%
Central 29,781
17%
Chino Hills 77,212
17%
Cicero 81,004
17%
Clayton 13,222 | 17,461 | 30,216
17%
Costa Mesa 108,354
17%
Covington 11,618 | 14,677 | 21,125 | 40,972
17%
Deerfield 18,884
17%
Dubuque 58,877
17%
Easton 17,225 | 29,538
17%
East St. Louis 17,642
17%
Elizabethtown 12,000 | 32,978
17%
Enid 50,577
17%
Garden City 12,784 | 22,835 | 26,325 | 27,371
17%
Gillette 33,496
17%
Hanover 16,573
17%
Hoboken 57,010
17%
Kokomo 59,890
17%
Lakeville 76,243
17%
Maricopa 71,022
17%
Marquette 21,079
17%
Martin 11,000
17%
Michigan City 31,659
17%
Milton 10,957 | 41,383
17%
Missouri City 76,773
17%
Norwich 39,881
17%
Prescott 47,757
17%
Redmond 37,009 | 80,280
17%
Riverdale 14,672
17%
Riverton 10,923 | 44,854
17%
Rockville 67,297
17%
San Juan 36,448
17%
San Rafael 59,555
17%
Somerville 14,112 | 80,407
17%
State College 40,687
17%
St. Augustine 15,596
17%
Venice 28,150
17%
West Des Moines 72,205
17%
West Haven 24,014 | 54,790
17%
Woodland 61,123
17%
Altoona 21,698 | 42,788
15%
Amherst 12,928
15%
Amsterdam 18,093
15%
Berkley 14,934
15%
Boynton Beach 81,267
15%
Brentwood 45,265 | 65,126
15%
Brighton 42,477
15%
Brooklyn Park 82,017
15%
California City 13,802
15%
Chapel Hill 62,043
15%
Cleveland Heights 43,908
15%
Conroe 108,248
15%
Council Bluffs 62,399
15%
Cumberland 18,751
15%
Davidson 14,521
15%
Dearborn Heights 60,872
15%
Douglas 11,769 | 15,638
15%
Durango 19,534
15%
East Lansing 48,528
15%
East Orange 69,556
15%
El Cajon 102,991
15%
Emporia 24,105
15%
Fairfax 25,144
15%
Gaithersburg 69,563
15%
Gastonia 83,942
15%
Grandview 11,149 | 25,436
15%
Hammond 22,527 | 76,193
15%
Hattiesburg 48,414
15%
Hawthorne 19,496 | 83,364
15%
Katy 26,360
15%
La Crosse 51,327
15%
Layton 83,516
15%
Lodi 25,832 | 67,679
15%
Lorain 65,337
15%
Marshall 13,642 | 13,906 | 24,118
15%
Marysville 12,674 | 28,423 | 72,916
15%
Meriden 60,111
15%
Mexico 11,507
15%
Middleton 11,016 | 22,967
15%
Muncie 65,081
15%
Murray 18,086 | 49,553
15%
Newport Beach 82,637
15%
Northampton 29,370
15%
Oakdale 23,045 | 28,226
15%
Ottawa 12,686 | 18,752
15%
Paducah 26,749
15%
Palm Desert 51,951
15%
Pontiac 11,010 | 61,689
15%
Port Arthur 55,547
15%
Rochester Hills 76,002
15%
Rock Hill 75,654
15%
Rocklin 73,472
15%
Roma 11,554
15%
Salisbury 33,159 | 36,319
15%
San Fernando 23,364
15%
San Ramon 84,929
15%
Selma 11,748 | 16,666 | 24,467
15%
Sherman 47,473
15%
South Jordan 84,528
15%
Taylorsville 57,098
15%
Temple 93,095
15%
Upland 78,699
15%
Warsaw 16,097
15%
Waukesha 70,446
15%
Wheeling 26,208 | 37,725
15%
Woodbury 11,512 | 79,538
15%
Wyoming 77,451
15%
Zion 24,206
15%
Arcadia 54,157
13%
Ashland 18,718 | 21,061 | 21,154
13%
Battle Creek 52,175
13%
Baytown 84,067
13%
Bedford 12,767 | 13,855 | 48,370
13%
Brookings 24,312
13%
Broomfield 76,860
13%
Calexico 38,224
13%
Chelsea 16,771 | 38,319
13%
College Park 13,867 | 34,187
13%
Colton 53,357
13%
Commerce 11,672
13%
Commerce City 68,245
13%
Corvallis 61,087
13%
Danville 11,525 | 17,383 | 28,206 | +2 others
13%
Deerfield Beach 87,325
13%
Delaware 45,158
13%
DeSoto 55,740
13%
Duncan 23,170
13%
Eden Prairie 62,166
13%
Ferguson 17,996
13%
Folsom 84,782
13%
Framingham 71,875
13%
Germantown 21,020 | 40,267
13%
Hendersonville 15,466 | 63,618
13%
Homestead 81,659
13%
Huntersville 64,688
13%
Livermore 82,908
13%
Manassas 42,696
13%
Maple Grove 71,288
13%
Maplewood 39,958
13%
Marietta 13,090 | 62,769
13%
Marion 13,654 | 16,852 | 28,105 | +2 others
13%
Mason 35,660
13%
Minnetonka 52,463
13%
Mitchell 15,621
13%
Normal 52,618
13%
Ocean City 11,242
13%
Parkersburg 29,025
13%
Plantation 96,548
13%
Queen Creek 76,570
13%
Redondo Beach 67,749
13%
Richland 63,757
13%
Rogers 13,617 | 74,035
13%
San Carlos 28,862
13%
San Luis Obispo 49,244
13%
Shelby 22,010
13%
South Charleston 13,281
13%
South Fulton 110,920
13%
Spartanburg 39,040
13%
Springville 35,471
13%
Summerville 51,884
13%
Sumter 42,766
13%
Superior 13,361 | 26,423
13%
Sussex 12,162
13%
Terre Haute 58,502
13%
Valdosta 55,025
13%
Wake Forest 54,337
13%
Walker 25,289
13%
West Hollywood 34,349
13%
Xenia 25,725
13%
Yorba Linda 66,147
13%
Alhambra 79,776
10%
Apex 72,225
10%
Arkansas City 11,765
10%
Belmont 15,515 | 26,622
10%
Blaine 73,774
10%
Blue Springs 60,539
10%
Bridgeton 11,261 | 26,763
10%
Brunswick 15,404 | 35,072
10%
Butler 13,099
10%
Caldwell 68,336
10%
Cape Girardeau 40,508
10%
Cedar City 39,942
10%
Clifton 88,461
10%
Covina 48,728
10%
Crystal 21,906
10%
Delray Beach 67,536
10%
Eagle Pass 28,282
10%
East Chicago 25,830
10%
Edina 53,348
10%
El Monte 103,794
10%
Farmington Hills 82,528
10%
Fort Lee 39,700
10%
Freeport 23,136 | 43,756
10%
Fulton 11,248 | 12,473
10%
Gloucester 29,959
10%
Green River 11,496
10%
Greenwood 13,421 | 22,498 | 66,296
10%
Harlingen 71,510
10%
Hastings 22,121 | 24,896
10%
Hays 21,040
10%
Hempstead 58,225
10%
Hesperia 100,633
10%
Hickory 44,415
10%
Hilton Head Island 38,097
10%
Houma 31,733
10%
Janesville 66,102
10%
Johns Creek 81,108
10%
Kalispell 29,886
10%
Kennewick 85,158
10%
Lima 34,794
10%
Madera 68,079
10%
Mankato 45,742
10%
Mansfield 47,711 | 78,542
10%
Muskogee 36,873
10%
Oregon City 37,351
10%
Perris 80,603
10%
Pine Bluff 39,123
10%
Pittsfield 43,076
10%
Rancho Cordova 82,605
10%
Rockport 10,929
10%
San Gabriel 37,732
10%
Seminole 19,252
10%
Shawnee 31,803 | 69,417
10%
Sheboygan 49,686
10%
Smyrna 13,277 | 56,566 | 57,418
10%
South San Francisco 63,123
10%
St. Ann 12,658
10%
Stillwater 19,240 | 49,525
10%
Tulare 71,092
10%
University City 34,096
10%
West Covina 105,617
10%
Westlake 33,972
10%
West Point 12,479
10%
Whittier 84,143
10%
Woonsocket 43,135
10%
Yorktown 11,740
10%
Alpharetta 67,056
8%
Andover 15,814 | 33,089
8%
Arnold 21,059
8%
Batesville 11,515
8%
Belgrade 12,509
8%
Boulder City 14,828
8%
Bountiful 44,144
8%
Bradley 15,263
8%
Calabasas 22,227
8%
Campbell 41,700
8%
Carlisle 22,341
8%
Casa Grande 63,743
8%
Castle Rock 81,415
8%
Cathedral City 52,356
8%
Chambersburg 22,245
8%
Citrus Heights 86,239
8%
Claremont 13,111 | 35,640
8%
Clarksburg 15,489
8%
Collinsville 23,779
8%
Coon Rapids 63,377
8%
Culver City 39,041
8%
Cupertino 57,285
8%
DeKalb 40,211
8%
Delano 51,500
8%
Del Rio 34,574
8%
Derby 12,406 | 26,233
8%
Destin 14,188
8%
Eagan 67,396
8%
Edwardsville 26,698
8%
Elk City 11,279
8%
Elkhart 53,484
8%
Englewood 13,249 | 29,624 | 34,275
8%
Essex Junction 10,817
8%
Fitchburg 32,284 | 41,579
8%
Flower Mound 79,445
8%
Gardena 58,377
8%
Garfield 32,456
8%
Gilroy 58,250
8%
Golden 20,242
8%
Greendale 14,472
8%
Greensburg 12,363 | 14,603
8%
Hagerstown 43,553
8%
Hanford 59,938
8%
Haverhill 67,415
8%
Hobbs 39,386
8%
Holyoke 37,628
8%
Howard 20,775
8%
Huntington Park 51,942
8%
Hutchinson 14,701 | 39,662
8%
Imperial 21,591
8%
Jasper 14,448 | 16,781
8%
Jennings 12,836
8%
Johnston 24,640
8%
Johnstown 17,950 | 19,511
8%
Kannapolis 59,321
8%
Keene 22,917
8%
Kenner 63,333
8%
Kingman 35,334
8%
Kirkwood 29,174
8%
Lake City 12,602
8%
Lake Forest 19,354 | 85,840
8%
Leesburg 31,721 | 49,312
8%
Liberty 30,794
8%
Livingston 14,643
8%
Longmont 98,630
8%
Loveland 13,156 | 79,352
8%
Manteca 91,059
8%
Mapleton 13,732
8%
Mason City 26,906
8%
Midwest City 58,086
8%
Monticello 14,831
8%
Moorhead 45,202
8%
Morristown 20,571 | 32,099
8%
Muskego 25,312
8%
Muskegon 37,183
8%
New Brunswick 55,846
8%
North Chicago 30,416
8%
North Miami Beach 42,789
8%
North Platte 22,523
8%
Novi 66,314
8%
Oak Park 29,023 | 52,055
8%
Palestine 19,372
8%
Parkland 37,911
8%
Pasco 80,038
8%
Passaic 68,903
8%
Peekskill 25,442
8%
Pharr 80,410
8%
Plainfield 37,047 | 47,448 | 54,670
8%
Pleasanton 11,195 | 74,653
8%
Port Huron 28,383
8%
Port Orange 65,966
8%
Post Falls 44,798
8%
Pottstown 23,349
8%
Prescott Valley 50,045
8%
Pullman 32,863
8%
Redlands 72,556
8%
Rexburg 39,975
8%
Roy 38,592
8%
Rutherford 18,852
8%
San Jacinto 55,440
8%
San Pablo 31,249
8%
Saratoga 29,607
8%
Scottsbluff 14,305
8%
Shelbyville 17,804 | 20,609 | 25,132
8%
Sidney 20,309
8%
Skokie 64,937
8%
Somerset 12,267
8%
Southlake 31,137
8%
Stanton 38,815
8%
St. Louis Park 49,697
8%
Stow 33,957
8%
Thomasville 18,558 | 27,435
8%
Titusville 49,680
8%
Traverse City 15,707
8%
Tustin 77,704
8%
Vicksburg 20,192
8%
Vienna 16,306
8%
Waltham 64,477
8%
Warner Robins 84,537
8%
Waterville 16,823
8%
Wausau 39,968
8%
Waynesboro 11,067 | 23,182
8%
Wellington 12,078 | 61,634
8%
Westchester 16,094
8%
West Chester 19,658
8%
West Memphis 23,825
8%
West New York 50,754
8%
Westwood 11,210
8%
Wylie 61,078
8%
Yankton 15,630
8%
Youngsville 18,002
8%
Yukon 26,388
8%
Zanesville 24,651
8%
Zionsville 32,534
8%
Albertville 23,031
6%
Apache Junction 41,153
6%
Apopka 59,113
6%
Atlantic Beach 13,182
6%
Azusa 48,272
6%
Barnstable Town 49,709
6%
Bayonne 70,300
6%
Beavercreek 47,193
6%
Blacksburg 45,485
6%
Blythe 18,045
6%
Boone 12,416 | 19,811
6%
Bossier City 62,738
6%
Bradenton 57,076
6%
Branson 12,897
6%
Bremerton 45,450
6%
Brookfield 18,591 | 41,884
6%
Brookhaven 11,571 | 57,945
6%
Buena Park 81,958
6%
Bullhead City 43,302
6%
Calhoun 18,900
6%
Canyon 16,171
6%
Carbondale 21,592
6%
Cedar Hill 48,411
6%
Centerville 16,517 | 25,754
6%
Centralia 11,848 | 18,754
6%
Clarkston 14,396
6%
Coachella 43,590
6%
Daphne 30,321
6%
Dickinson 21,834 | 25,130
6%
Dixon 15,096 | 19,309
6%
Doral 79,359
6%
Draper 49,602
6%
Duncanville 38,883
6%
East Cleveland 13,352
6%
Edmonds 42,701
6%
Elmira 26,176
6%
El Reno 19,216
6%
Fairmont 18,155
6%
Fernley 24,744
6%
Florida City 12,582
6%
Florissant 51,128
6%
Fond du Lac 44,300
6%
Forest Lake 20,685
6%
Fort Pierce 49,374
6%
Fortuna 12,285
6%
Fountain 28,489
6%
Gallup 20,451
6%
Geneva 12,391 | 21,129
6%
Glenview 46,904
6%
Gonzales 13,737
6%
Goose Creek 49,249
6%
Graham 18,354
6%
Grapevine 50,928
6%
Griffin 24,044
6%
Griffith 16,222
6%
Harrisonburg 51,082
6%
Hazleton 30,037
6%
Heath 11,238
6%
Holland 34,540
6%
Homewood 18,540 | 27,758
6%
Hopkins 18,589
6%
Jeffersontown 28,716
6%
Kaysville 32,941
6%
Kingsport 56,704
6%
Kyle 62,548
6%
Laconia 17,142
6%
La Grande 12,973
6%
Lake Elsinore 73,028
6%
Leavenworth 37,034
6%
Lenexa 58,536
6%
Linden 43,950
6%
Mandan 24,586
6%
Marlborough 41,179
6%
Marshalltown 27,574
6%
Martinsville 11,946 | 13,763
6%
Maryville 32,436
6%
Matthews 30,934
6%
Millcreek 62,205
6%
Moline 41,965
6%
Monroeville 27,974
6%
Monrovia 36,768
6%
Morgan City 10,873
6%
Morrisville 31,703
6%
Mount Prospect 54,298
6%
Murphy 20,920
6%
National City 55,236
6%
Newberg 26,095
6%
New Berlin 40,260
6%
New Bern 32,226
6%
Newman 12,207
6%
Norristown 35,769
6%
Northlake 12,270
6%
Norton 11,398
6%
Oak Creek 37,156
6%
Oakland Park 44,105
6%
Olive Branch 47,029
6%
Oneonta 15,331
6%
Orangeburg 13,280
6%
Oswego 17,022 | 37,074
6%
Palatine 64,869
6%
Palm Coast 102,113
6%
Pendleton 17,289
6%
Perry 24,029
6%
Petal 11,403
6%
Phenix City 38,441
6%
Poplar Bluff 16,132
6%
Porterville 62,876
6%
Rock Springs 22,954
6%
Rolla 20,423
6%
Royal Oak 57,452
6%
Saco 20,960
6%
San Anselmo 12,498
6%
San Benito 24,493
6%
Sandusky 24,241
6%
Saratoga Springs 28,544 | 52,532
6%
Scottsboro 15,863
6%
Shelton 10,806 | 42,144
6%
Sheridan 19,543
6%
Shoreline 61,353
6%
Sleepy Hollow 10,962
6%
Smithville 10,785
6%
Southfield 75,687
6%
South Miami 12,073
6%
South Salt Lake 26,122
6%
Spearfish 13,282
6%
Spring Valley 32,969
6%
Stafford 17,338
6%
Steubenville 18,064
6%
St. Marys 12,399 | 19,537
6%
Sturgis 11,012
6%
Summit 22,344
6%
Talladega 14,768
6%
Taunton 60,412
6%
Turlock 72,100
6%
Uvalde 15,436
6%
Verona 15,815
6%
Warrensburg 19,673
6%
Webster 12,182
6%
Wentzville 47,497
6%
West Allis 58,874
6%
West Bend 31,886
6%
West Chicago 25,116
6%
West Lafayette 44,829
6%
West Monroe 12,535
6%
West Sacramento 55,842
6%
Weymouth Town 59,114
6%
Whitehall 14,615 | 19,727
6%
Wildwood 18,636 | 34,851
6%
Williamsport 27,470
6%
Winona 26,029
6%
Winter Haven 57,109
6%
Winterville 10,821
6%
Woodward 11,753
6%
Yucca Valley 21,664
6%
Alamogordo 31,284
4%
Albert Lea 18,269
4%
Alice 17,579
4%
Allen Park 27,528
4%
Alliance 21,525
4%
Alton 21,130 | 25,006
4%
Andrews 13,502
4%
Ankeny 74,458
4%
Artesia 12,326 | 15,597
4%
Ballwin 30,410
4%
Banning 31,680
4%
Bartlett 39,992 | 56,030
4%
Beaufort 13,850
4%
Beaver Dam 16,531
4%
Bellflower 75,122
4%
Bellwood 17,890
4%
Bemidji 15,743
4%
Bethany 20,369
4%
Biddeford 22,367
4%
Bloomingdale 22,298
4%
Bolingbrook 74,088
4%
Box Elder 13,868
4%
Brea 48,479
4%
Bryant 21,877
4%
Buda 16,030
4%
Burley 12,146
4%
Burnsville 64,772
4%
Burton 29,376
4%
Cabot 27,190
4%
Canby 17,944
4%
Carrboro 21,103
4%
Cedar Park 77,516
4%
Central Point 19,171
4%
Chatham 14,525
4%
Cheney 12,620
4%
Chicago Heights 26,184
4%
Clearlake 16,481
4%
Cocoa 19,930
4%
Cocoa Beach 11,389
4%
Converse 30,321
4%
Coolidge 18,293
4%
Coos Bay 15,595
4%
Cornelius 14,981 | 33,139
4%
Cottonwood 13,124
4%
Crystal Lake 40,861
4%
Cuyahoga Falls 50,742
4%
Cypress 48,782
4%
Dalton 34,508
4%
Dardenne Prairie 13,803
4%
Darien 21,698
4%
Del City 21,312
4%
Deming 14,603
4%
Douglasville 39,049
4%
Dunedin 35,930
4%
Eagle Mountain 56,932
4%
Eastlake 17,363
4%
Eatontown 13,496
4%
El Centro 43,772
4%
Elyria 53,117
4%
Euclid 48,212
4%
Fairview 10,790 | 14,927
4%
Festus 13,443
4%
Forest Grove 26,799
4%
Forest Hill 14,157
4%
Forest Park 13,660 | 19,368 | 19,839
4%
Fort Dodge 24,591
4%
Fort Mill 33,626
4%
Fort Walton Beach 20,925
4%
Fountain Valley 55,468
4%
Gadsden 33,229
4%
Gladstone 11,865 | 27,329
4%
Glendora 49,934
4%
Grandville 16,682
4%
Grants Pass 39,149
4%
Grenada 12,267
4%
Hackensack 45,736
4%
Hammonton 14,797
4%
Hannibal 16,838
4%
Happy Valley 28,409
4%
Harvey 19,397
4%
Hayden 16,422
4%
Hazelwood 24,863
4%
Hermiston 19,489
4%
Hibbing 15,979
4%
Highland Park 14,959 | 30,272
4%
Hillsborough 10,883
4%
Hollister 44,658
4%
Hopkinsville 30,813
4%
Hurricane 23,959
4%
Jerome 13,135
4%
Junction City 21,856
4%
Kankakee 23,503
4%
Keller 46,316
4%
Kentwood 53,987
4%
Kerrville 24,930
4%
Kingsland 20,343
4%
Kirksville 17,483
4%
Klamath Falls 21,888
4%
La Habra 60,991
4%
Lakeway 19,189
4%
La Mesa 60,537
4%
La Mirada 45,505
4%
La Plata 10,878
4%
Lauderhill 73,974
4%
Laurel 16,979 | 29,400
4%
Lawrenceville 31,015
4%
Leominster 43,627
4%
Liberal 18,999
4%
Lincoln Park 10,951 | 38,646
4%
Los Lunas 19,079
4%
Malden 65,133
4%
Manhattan Beach 33,369
4%
Maple Valley 28,434
4%
Margate 58,593
4%
Martinsburg 18,935
4%
Mauldin 28,010
4%
McKeesport 17,132
4%
McMinnville 13,790 | 34,450
4%
Metuchen 14,977
4%
Middlesex 14,461
4%
Midvale 35,561
4%
Mill Creek 20,742
4%
Milpitas 77,321
4%
Monmouth 11,270
4%
Montebello 60,015
4%
Mountain Home 13,278 | 16,703
4%
Mustang 23,270
4%
New Ulm 13,925
4%
Niles 11,665 | 18,256 | 29,513
4%
Noblesville 73,916
4%
Norco 25,398
4%
Norcross 18,043
4%
Northfield 21,020
4%
North Myrtle Beach 20,303
4%
North Richland Hills 70,658
4%
Novato 51,722
4%
Oak Lawn 55,734
4%
Opelika 33,572
4%
Orland Park 57,074
4%
Ozark 14,346 | 22,907
4%
Pacifica 36,426
4%
Palm Beach Gardens 61,146
4%
Pampa 16,543
4%
Papillion 23,791
4%
Paradise Valley 12,502
4%
Pascagoula 21,582
4%
Peachtree City 40,193
4%
Perth Amboy 55,249
4%
Petaluma 58,800
4%
Phillipsburg 15,328
4%
Phoenixville 19,871
4%
Plainview 19,420
4%
Plattsburgh 19,867
4%
Pleasant Grove 37,294
4%
Pleasantville 20,613
4%
Plum 26,391
4%
Portage 38,513 | 49,302
4%
Portales 11,859
4%
Puyallup 42,179
4%
Rahway 29,813
4%
Red Wing 16,756
4%
Revere 57,954
4%
Riverview 11,976
4%
Rock Island 36,132
4%
Rockwall 52,918
4%
Rocky Mount 54,245
4%
Romeoville 40,955
4%
Rosemead 49,305
4%
Rosemount 27,590
4%
Russellville 29,338
4%
Sammamish 65,116
4%
San Bruno 41,327
4%
San Dimas 33,105
4%
San Juan Capistrano 34,754
4%
Santa Fe Springs 20,174
4%
Santa Paula 31,792
4%
Santee 59,478
4%
Scarsdale 17,747
4%
Schaumburg 75,750
4%
Sebastian 26,846
4%
Sebring 11,563
4%
Sherwood 19,957 | 33,118
4%
Shiloh 14,736
4%
Sierra Vista 44,431
4%
Smithfield 12,468 | 14,726
4%
Socorro 38,238
4%
South Gate 90,070
4%
Southgate 29,002
4%
South Lake Tahoe 21,079
4%
South Sioux City 13,856
4%
Spanish Fork 45,557
4%
Spring Hill 57,637
4%
Staunton 25,915
4%
St. Matthews 17,356
4%
Stoughton 13,044
4%
Swansea 14,472
4%
Tamarac 72,372
4%
Tarrytown 11,691
4%
Tehachapi 10,881
4%
The Colony 45,471
4%
Torrington 35,550
4%
Tucker 36,975
4%
University Park 24,954
4%
Urbandale 46,729
4%
Van Buren 24,138
4%
Vineland 60,797
4%
Wasco 26,917
4%
Watsonville 50,867
4%
Webster Groves 23,449
4%
Westbrook 20,564
4%
Westfield 30,559 | 40,509 | 57,746
4%
Westland 82,574
4%
West Plains 12,598
4%
Wheaton 52,938
4%
Williston 27,706
4%
Wilsonville 26,345
4%
Winter Park 29,894
4%
Yorkville 24,693
4%
Ypsilanti 19,393
4%
Zephyrhills 20,883
4%
Addison 17,100 | 35,167
2%
Adrian 20,238
2%
Alabaster 34,107
2%
Albemarle 16,936
2%
Alexander City 14,470
2%
American Fork 38,549
2%
Amesbury Town 17,303
2%
Amherst Town 40,277
2%
Ammon 19,617
2%
Anniston 21,167
2%
Anoka 17,996
2%
Arcata 19,012
2%
Ardmore 24,847
2%
Ashtabula 17,785
2%
Attleboro 46,654
2%
Atwater 32,052
2%
Auburn Hills 25,597
2%
Aventura 38,741
2%
Baldwin 20,708
2%
Baldwin Park 68,806
2%
Baraboo 12,554
2%
Barstow 24,964
2%
Batavia 15,437 | 26,235
2%
Beachwood 11,153 | 13,734
2%
Beatrice 12,262
2%
Beckley 16,576
2%
Bella Vista 32,368
2%
Bellefontaine 14,073
2%
Bell Gardens 37,467
2%
Beloit 36,342
2%
Belton 25,171 | 25,534
2%
Bergenfield 28,274
2%
Bessemer 25,037
2%
Big Spring 22,373
2%
Bixby 30,698
2%
Blackfoot 12,999
2%
Bloomsburg 13,112
2%
Blytheville 12,594
2%
Bolivar 11,338
2%
Bonita Springs 56,229
2%
Bothell 50,213
2%
Bound Brook 12,371
2%
Braintree Town 38,490
2%
Brigham City 19,970
2%
Brooklyn Center 31,688
2%
Brown Deer 12,553
2%
Buffalo Grove 42,482
2%
Buford 18,273
2%
Burlingame 29,910
2%
Calimesa 11,165
2%
Camarillo 69,514
2%
Camas 27,254
2%
Cañon City 17,241
2%
Carol Stream 38,966
2%
Carpentersville 37,099
2%
Cedarburg 12,527
2%
Cedar Lake 16,068
2%
Center Point 15,705
2%
Central Falls 22,543
2%
Cerritos 46,797
2%
Champlin 22,856
2%
Chicopee 54,838
2%
Chillicothe 21,895
2%
Chino Valley 13,815
2%
Choctaw 12,240
2%
Chowchilla 19,328
2%
Chubbuck 16,362
2%
Cibolo 36,374
2%
Claremore 20,385
2%
Clarksdale 13,850
2%
Clawson 11,176
2%
Clearfield 34,470
2%
Clemson 17,838
2%
Clermont 48,621
2%
Coalinga 17,369
2%
Coatesville 13,275
2%
Coconut Creek 57,694
2%
Coldwater 14,439
2%
Conyers 19,505
2%
Coral Gables 48,353
2%
Coronado 18,437
2%
Cottage Grove 42,056
2%
Cottonwood Heights 32,204
2%
Crestwood 12,175
2%
Creve Coeur 18,457
2%
Crowley 11,272 | 19,932
2%
Cullman 19,913
2%
Dana Point 32,567
2%
Dania Beach 31,915
2%
Deer Park 33,176
2%
DeForest 11,107
2%
Denison 26,343
2%
De Pere 25,348
2%
Diamond Bar 52,041
2%
Dickson 16,744
2%
Donna 16,782
2%
Dunkirk 12,442
2%
Dunwoody 51,713
2%
Dyer 16,333
2%
Dyersburg 15,968
2%
Easley 26,386
2%
Easthampton Town 16,031
2%
Eastvale 70,510
2%
Edgewood 13,257
2%
Effingham 12,258
2%
El Cerrito 25,552
2%
El Dorado 12,919 | 16,869
2%
Elizabeth City 18,948
2%
Elkton 15,968
2%
Ellensburg 18,694
2%
Elmhurst 45,336
2%
Elon 11,520
2%
Emeryville 12,732
2%
Endicott 13,211
2%
Euless 59,686
2%
Falls Church 14,685
2%
Fenton 11,863
2%
Fillmore 17,190
2%
Findlay 40,139
2%
Forrest City 12,490
2%
Fort Atkinson 12,350
2%
Fountain Hills 23,611
2%
Fox Crossing 18,947
2%
Franklin Town 33,125
2%
Fridley 30,156
2%
Fruita 13,816
2%
Gardner 20,974 | 25,378
2%
Glassboro 23,987
2%
Glen Cove 27,879
2%
Glens Falls 14,507
2%
Golden Valley 21,211
2%
Goldsboro 33,469
2%
Goleta 32,665
2%
Goshen 34,355
2%
Grafton 12,608
2%
Grantsville 15,267
2%
Greenacres 44,103
2%
Greeneville 15,776
2%
Greer 44,387
2%
Grove City 42,782
2%
Groves 16,764
2%
Haddonfield 12,571
2%
Half Moon Bay 11,105
2%
Haltom City 45,290
2%
Haysville 11,268
2%
Healdsburg 11,137
2%
Heber 18,533
2%
Hereford 14,752
2%
Hermosa Beach 18,641
2%
Herndon 24,935
2%
Herriman 60,049
2%
Hialeah Gardens 22,286
2%
Hidalgo 14,678
2%
Hoffman Estates 50,179
2%
Holladay 30,298
2%
Holmen 11,581
2%
Hopewell 22,752
2%
Horizon City 24,168
2%
Huber Heights 43,313
2%
Hugo 16,501
2%
Hurst 39,304
2%
Hyattsville 20,662
2%
Imperial Beach 25,458
2%
Indianola 16,043
2%
Indian Trail 42,854
2%
Inver Grove Heights 36,114
2%
Issaquah 38,977
2%
Kaukauna 17,493
2%
Kearns 37,767
2%
Keizer 38,564
2%
Kelso 12,648
2%
Kenmore 14,916 | 23,391
2%
Kerman 17,238
2%
Kernersville 28,016
2%
Kettering 56,876
2%
Kingsburg 13,013
2%
Kuna 28,050
2%
La Cañada Flintridge 19,538
2%
Lacey 58,326
2%
Laguna Beach 22,332
2%
Laguna Niguel 62,899
2%
Lake Grove 11,021
2%
Lake Oswego 39,924
2%
Lauderdale Lakes 36,035
2%
La Verne 29,898
2%
La Vista 16,346
2%
Lawrenceburg 11,990 | 12,112
2%
Leander 80,067
2%
Leawood 33,980
2%
Leland 30,542
2%
Lewisburg 13,135
2%
Lindon 11,734
2%
Lindsay 12,496
2%
Little Chute 12,178
2%
Lockport 20,436 | 26,537
2%
Logansport 18,233
2%
Loganville 16,516
2%
Lompoc 43,045
2%
Longwood 16,794
2%
Los Alamitos 11,901
2%
Los Altos 29,990
2%
Los Banos 48,553
2%
Lovington 11,237
2%
Lufkin 34,181
2%
Lynden 16,551
2%
Lyndon 10,909
2%
Lynnwood 43,867
2%
Lynwood 63,234
2%
Madison Heights 28,238
2%
Madisonville 19,355
2%
Magna 30,087
2%
Manitowoc 34,568
2%
Maple Heights 22,984
2%
Marina 22,833
2%
Marinette 11,045
2%
Markham 11,129
2%
Marshfield 18,736
2%
Martinez 36,395
2%
Maryland Heights 27,575
2%
Maywood 22,880 | 23,824
2%
McAlester 18,140
2%
McDonough 32,138
2%
McFarland 14,049
2%
Meadville 12,361
2%
Melissa 23,571
2%
Melrose 29,357
2%
Menasha 18,069
2%
Methuen Town 53,455
2%
Midlothian 13,675 | 41,352
2%
Millington 11,467
2%
Millville 27,358
2%
Minden 11,248
2%
Mineral Wells 15,454
2%
Moberly 13,296
2%
Montclair 37,545
2%
Monterey Park 57,877
2%
Montrose 21,333
2%
Monument 12,088
2%
Mooresville 53,721
2%
Morganton 17,708
2%
Morton 17,469
2%
Moses Lake 26,299
2%
Mount Clemens 15,378
2%
Mount Holly 18,373
2%
Munster 23,614
2%
Muscle Shoals 17,210
2%
Nacogdoches 32,156
2%
Natchez 13,933
2%
Neenah 27,453
2%
New Albany 11,335 | 37,329
2%
New Baltimore 11,992
2%
Newberry 10,866
2%
Newburyport 18,731
2%
New Iberia 27,080
2%
Newnan 44,940
2%
New Providence 13,488
2%
New Smyrna Beach 32,655
2%
Nicholasville 32,425
2%
Nixa 25,405
2%
Nogales 19,702
2%
North Attleborough 30,943
2%
North Augusta 25,891
2%
North Aurora 19,022
2%
Northbrook 33,977
2%
North Lauderdale 44,784
2%
North Ogden 22,233
2%
North Palm Beach 13,095
2%
North Plainfield 22,566
2%
North Salt Lake 23,560
2%
North St. Paul 12,574
2%
North Tonawanda 30,031
2%
Oakley 45,761
2%
Oconomowoc 18,682
2%
Olean 13,650
2%
Onalaska 19,018
2%
Orange City 14,928
2%
Ormond Beach 44,277
2%
Oroville 19,449
2%
Ossining 26,542
2%
Pacific Grove 14,757
2%
Palmetto 13,577
2%
Palos Verdes Estates 12,646
2%
Panama City Beach 19,393
2%
Paragould 30,520
2%
Paramount 51,072
2%
Paramus 26,282
2%
Park Ridge 37,897
2%
Peabody 54,056
2%
Peachtree Corners 42,136
2%
Pflugerville 65,301
2%
Pico Rivera 59,189
2%
Pinellas Park 53,456
2%
Pineville 11,153 | 14,034
2%
Plant City 40,571
2%
Platteville 11,128
2%
Plover 14,110
2%
Point Pleasant 19,429
2%
Ponca City 24,306
2%
Poquoson 12,635
2%
Port Angeles 20,101
2%
Port Royal 16,287
2%
Port Washington 12,763
2%
Pottsville 13,355
2%
Poway 48,051
2%
Prattville 39,318
2%
Prineville 11,745
2%
Prior Lake 28,027
2%
Ramsey 14,706 | 28,560
2%
Rancho Palos Verdes 39,980
2%
Rancho Santa Margarita 46,182
2%
Rathdrum 11,580
2%
Raytown 29,097
2%
Red Bank 12,065 | 12,779
2%
Red Bluff 14,413
2%
Richfield 11,841 | 36,445
2%
Richmond Hill 18,459
2%
Ridgecrest 28,088
2%
Ridgefield 11,417 | 15,027
2%
Ridgeland 24,459
2%
Rio Grande City 15,311
2%
Ripon 16,068
2%
River Edge 11,995
2%
River Falls 16,935
2%
Roanoke Rapids 14,669
2%
Robinson 12,987
2%
Romulus 24,702
2%
Roseburg 23,861
2%
Rowlett 66,813
2%
Royal Palm Beach 39,489
2%
Sayreville 45,496
2%
Schertz 43,239
2%
Seal Beach 24,352
2%
SeaTac 31,799
2%
Secaucus 21,005
2%
Sevierville 18,102
2%
Seymour 21,666
2%
Sharon 12,813
2%
Shoreview 26,374
2%
Signal Hill 11,249
2%
Sikeston 16,085
2%
Simpsonville 27,506
2%
Slidell 28,510
2%
Snoqualmie 13,465
2%
South Daytona 13,781
2%
South Lyon 11,941
2%
South Pasadena 25,623
2%
South Plainfield 24,131
2%
South St. Paul 20,664
2%
Speedway 14,157
2%
Spencer 11,451
2%
Springboro 19,475
2%
Spring Lake 11,507
2%
Starkville 25,444
2%
Statesboro 34,452
2%
Statesville 30,220
2%
Stephenville 21,946
2%
Stevens Point 25,752
2%
St. Helens 14,437
2%
Stuart 19,430
2%
Sugar Hill 25,889
2%
Sulphur 20,400
2%
Sulphur Springs 16,564
2%
Summerfield 11,150
2%
Sunland Park 17,689
2%
Sunnyside 16,264
2%
Sun Prairie 37,890
2%
Susanville 12,689
2%
Suwanee 22,913
2%
Sweetwater 20,352
2%
Sylacauga 12,216
2%
Temple City 34,854
2%
Tenafly 15,178
2%
The Dalles 15,786
2%
Tigard 55,590
2%
Tonawanda 14,899
2%
Tooele 39,263
2%
Troutdale 15,717
2%
Truckee 17,039
2%
Tualatin 27,383
2%
Twentynine Palms 28,734
2%
Two Rivers 11,169
2%
Ukiah 16,072
2%
University Place 35,049
2%
Valley Stream 40,007
2%
Valparaiso 34,627
2%
Vandalia 14,938
2%
Van Wert 11,040
2%
Vermillion 12,011
2%
Vero Beach 17,317
2%
Vestavia Hills 38,020
2%
Vincennes 16,588
2%
Walnut 27,104
2%
Walnut Creek 69,152
2%
Warrenville 15,027
2%
Waunakee 15,152
2%
Wauwatosa 47,038
2%
Waxahachie 47,201
2%
Webb City 13,325
2%
Weirton 18,386
2%
Wenatchee 35,526
2%
Westbury 15,739
2%
West Linn 26,629
2%
West Melbourne 29,144
2%
West Park 15,109
2%
West Richland 18,456
2%
West St. Paul 21,722
2%
White Bear Lake 23,363
2%
Whitewater 15,627
2%
Willmar 21,335
2%
Wilmette 27,026
2%
Winter Garden 47,294
2%
Winthrop Town 18,319
2%
Wisconsin Rapids 18,670
2%
Woburn 41,647
2%
Woodburn 29,033
2%
Woodland Park 13,138
2%
Woodridge 33,566
2%
Woodstock 25,699 | 38,473
2%
Wooster 27,030
2%
Worthington 13,614 | 14,497
2%
Wyomissing 11,132
2%
Yeadon 12,247
2%
Yucaipa 53,947
2%
Zachary 19,968
2%
Abbeville 10,890
0%
Acworth 22,379
0%
Adelanto 38,187
0%
Agawam Town 28,406
0%
Agoura Hills 19,474
0%
Aiken 32,947
0%
Airway Heights 10,973
0%
Alcoa 13,349
0%
Algonquin 30,134
0%
Aliso Viejo 50,263
0%
Allouez 13,839
0%
Alsip 18,198
0%
Altamonte Springs 45,257
0%
Altus 18,635
0%
Alvin 28,633
0%
American Canyon 21,347
0%
Americus 15,703
0%
Anacortes 18,012
0%
Angleton 20,206
0%
Ansonia 19,008
0%
Archdale 12,084
0%
Arroyo Grande 18,243
0%
Arvin 19,364
0%
Asbury Park 15,391
0%
Asheboro 27,726
0%
Ashwaubenon 16,986
0%
Atascadero 29,700
0%
Auburndale 20,011
0%
Avenal 14,075
0%
Avon Lake 25,942
0%
Azle 14,562
0%
Babylon 12,106
0%
Bainbridge 14,423
0%
Bainbridge Island 24,254
0%
Balch Springs 26,711
0%
Barberton 24,563
0%
Bardstown 13,832
0%
Bargersville 11,075
0%
Bartlesville 38,114
0%
Bartow 20,584
0%
Bastrop 11,679
0%
Battle Ground 22,285
0%
Bay Village 15,810
0%
Beach Park 14,057
0%
Beacon 15,025
0%
Beech Grove 14,422
0%
Beeville 13,211
0%
Bellaire 17,016
0%
Belle Glade 16,840
0%
Bellmawr 11,724
0%
Belvidere 25,297
0%
Benbrook 24,336
0%
Benicia 26,429
0%
Bensenville 18,352
0%
Berea 15,998 | 17,922
0%
Berthoud 13,238
0%
Berwyn 54,414
0%
Bethel Park 32,398
0%
Bettendorf 39,858
0%
Bexley 12,785
0%
Big Lake 12,610
0%
Blue Ash 13,408
0%
Blue Island 21,494
0%
Bluffdale 19,090
0%
Bluffton 35,243
0%
Boerne 21,774
0%
Bonham 10,879
0%
Bonney Lake 22,835
0%
Borger 12,115
0%
Bourbonnais 18,042
0%
Brainerd 14,563
0%
Braselton 15,538
0%
Brawley 27,849
0%
Brecksville 13,850
0%
Brenham 19,142
0%
Bridgeview 16,324
0%
Bridgewater Town 28,818
0%
Broadview Heights 19,634
0%
Brook Park 18,063
0%
Broussard 14,543
0%
Brownsburg 32,250
0%
Brownwood 18,790
0%
Bucyrus 11,542
0%
Burien 50,730
0%
Burkburnett 11,089
0%
Burleson 55,220
0%
Burr Ridge 11,023
0%
Byram 12,651
0%
Cahokia Heights 17,114
0%
Caledonia 25,326
0%
Calera 18,189
0%
Callaway 13,661
0%
Calumet City 34,358
0%
Campbellsville 11,653
0%
Campton Hills 10,795
0%
Camp Verde 12,489
0%
Canyon Lake 11,096
0%
Carencro 12,639
0%
Carpinteria 12,828
0%
Carteret 25,281
0%
Cartersville 24,937
0%
Carthage 15,556
0%
Casselberry 30,595
0%
Castle Pines 14,747
0%
Cayce 13,660
0%
Celina 10,885 | 43,317
0%
Centerton 23,953
0%
Ceres 48,397
0%
Chamblee 31,841
0%
Chanhassen 25,937
0%
Channahon 14,138
0%
Chaska 29,034
0%
Chesterton 14,657
0%
Chicago Ridge 13,834
0%
Chickasha 16,745
0%
Chippewa Falls 14,656
0%
Christiansburg 22,542
0%
Circleville 14,452
0%
Cleburne 36,209
0%
Clemmons 22,159
0%
Cliffside Park 25,570
0%
Clive 19,005
0%
Cloquet 12,570
0%
Cohoes 18,206
0%
Collegedale 11,476
0%
Colleyville 25,736
0%
Collierville 51,317
0%
Collingswood 14,204
0%
Colonial Heights 18,393
0%
Columbia Heights 22,278
0%
Conneaut 12,360
0%
Connersville 13,298
0%
Cookeville 36,657
0%
Cooper City 34,321
0%
Coppell 41,404
0%
Copperas Cove 38,696
0%
Coralville 23,596
0%
Corcoran 22,044
0%
Corinth 14,259 | 23,707
0%
Corsicana 25,671
0%
Cortland 17,276
0%
Coshocton 11,091
0%
Country Club Hills 16,013
0%
Coweta 10,786
0%
Crawfordsville 16,577
0%
Crest Hill 20,118
0%
Crestview 29,300
0%
Crossville 12,652
0%
Crown Point 34,884
0%
Cudahy 17,706 | 21,723
0%
Culpeper 21,012
0%
Cutler Bay 43,762
0%
DeBary 23,209
0%
Defiance 17,043
0%
DeLand 43,009
0%
Depew 14,891
0%
Desert Hot Springs 33,438
0%
D'Iberville 13,286
0%
Dinuba 25,863
0%
Dobbs Ferry 11,309
0%
Dolton 20,410
0%
Downers Grove 49,706
0%
Duarte 23,131
0%
Dumas 14,291
0%
Dumont 18,234
0%
Dunmore 14,186
0%
Durant 20,296
0%
East Bethel 12,189
0%
East Grand Rapids 11,429
0%
East Moline 20,806
0%
East Palo Alto 28,216
0%
East Peoria 22,012
0%
East Point 38,115
0%
Eastpointe 33,676
0%
East Ridge 21,961
0%
East Wenatchee 14,102
0%
Edgewater 14,678 | 23,636
0%
El Campo 12,062
0%
Elizabethton 14,302
0%
Elk Grove Village 31,350
0%
Elk River 27,342
0%
El Mirage 35,850
0%
Elmwood Park 21,256 | 23,369
0%
Eloy 18,528
0%
El Paso de Robles 31,134
0%
El Segundo 16,445
0%
Emmaus 12,017
0%
Encinitas 60,841
0%
Ennis 23,686
0%
Enumclaw 12,697
0%
Ephrata 13,660
0%
Erlanger 19,777
0%
Escanaba 12,343
0%
Estero 37,908
0%
Eufaula 12,451
0%
Eustis 24,457
0%
Evergreen Park 19,010
0%
Fairborn 34,729
0%
Fairburn 16,661
0%
Fairhope 24,974
0%
Fair Lawn 35,564
0%
Fair Oaks Ranch 11,406
0%
Fairview Heights 16,125
0%
Fairview Park 16,785
0%
Faribault 24,642
0%
Farmers Branch 36,917
0%
Farragut 25,579
0%
Fate 24,626
0%
Federal Heights 13,943
0%
Fergus Falls 14,214
0%
Fernandina Beach 13,647
0%
Ferndale 15,992 | 19,083
0%
Firestone 18,589
0%
Floral Park 15,879
0%
Florham Park 14,092
0%
Flowery Branch 11,607
0%
Foley 24,873
0%
Forney 35,470
0%
Fort Morgan 11,564
0%
Fort Payne 14,957
0%
Fort Thomas 16,973
0%
Foster City 32,180
0%
Fostoria 13,039
0%
Fountain Inn 13,027
0%
Fox Lake 10,805
0%
Franklin Lakes 11,021
0%
Franklin Park 15,024 | 17,871
0%
Fraser 14,434
0%
Freehold 12,430
0%
Friendswood 40,826
0%
Front Royal 15,400
0%
Fulshear 42,616
0%
Fuquay-Varina 43,817
0%
Gaffney 12,484
0%
Gahanna 35,159
0%
Galesburg 29,130
0%
Gallatin 50,355
0%
Galt 25,767
0%
Gardendale 16,096
0%
Garfield Heights 28,900
0%
Garner 35,265
0%
Gatesville 16,148
0%
Gautier 19,021
0%
Gig Harbor 12,604
0%
Glen Carbon 13,868
0%
Glendale Heights 32,409
0%
Glen Ellyn 28,347
0%
Glenn Heights 18,793
0%
Glenpool 14,349
0%
Glen Rock 12,076
0%
Gloucester City 11,507
0%
Gloversville 14,843
0%
Godfrey 17,597
0%
Goodlettsville 17,429
0%
Grain Valley 16,609
0%
Granbury 12,622
0%
Grand Haven 11,002
0%
Grand Terrace 12,939
0%
Granite City 26,908
0%
Grass Valley 14,074
0%
Grayslake 20,954
0%
Great Bend 14,372
0%
Great Neck 11,007
0%
Greenbelt 24,360
0%
Greenwood Village 15,205
0%
Gretna 17,026
0%
Grimes 16,362
0%
Grosse Pointe Park 11,124
0%
Grosse Pointe Woods 15,854
0%
Groveland 23,628
0%
Grover Beach 12,547
0%
Grovetown 17,580
0%
Gulf Shores 16,850
0%
Gurnee 30,193
0%
Guthrie 11,398
0%
Guttenberg 11,365
0%
Guymon 12,287
0%
Haines City 37,272
0%
Hallandale Beach 41,547
0%
Ham Lake 16,726
0%
Hamtramck 27,339
0%
Hanahan 21,796
0%
Hanover Park 36,165
0%
Hardeeville 11,897
0%
Harker Heights 34,447
0%
Harper Woods 14,895
0%
Hartselle 15,875
0%
Hartsville 12,271
0%
Hasbrouck Heights 12,030
0%
Havelock 16,500
0%
Haverstraw 12,226
0%
Havre de Grace 15,032
0%
Hawaiian Gardens 13,396
0%
Hazel Crest 12,771
0%
Hazel Park 14,808
0%
Hercules 26,582
0%
Hermitage 15,923
0%
Hernando 18,239
0%
Herrin 12,178
0%
Hewitt 16,691
0%
Hickory Hills 13,884
0%
Highland Village 16,100
0%
Hilliard 37,262
0%
Hinesville 36,181
0%
Hinsdale 17,297
0%
Hobart 10,960 | 29,408
0%
Holly Hill 13,075
0%
Holly Springs 19,540 | 46,271
0%
Homer Glen 24,546
0%
Hopatcong 14,622
0%
Hope Mills 17,973
0%
Horn Lake 26,468
0%
Hueytown 16,202
0%
Humble 16,237
0%
Huntertown 11,316
0%
Huntley 28,269
0%
Hutto 38,765
0%
Hyrum 10,849
0%
Inkster 25,056
0%
Ionia 12,249
0%
Iowa Colony 14,823
0%
Irmo 12,033
0%
Irondale 13,526
0%
Jacksonville Beach 23,447
0%
James Island 11,903
0%
Jefferson Hills 12,178
0%
Jenks 27,553
0%
Justice 12,081
0%
Kennesaw 34,683
0%
Kewanee 12,222
0%
Key Biscayne 14,414
0%
Kilgore 13,523
0%
King City 13,917
0%
Kings Mountain 11,823
0%
Kingsville 24,586
0%
Kinston 19,411
0%
Kiryas Joel 41,857
0%
Knightdale 20,275
0%
Lackawanna 19,593
0%
Lady Lake 16,967
0%
LaGrange 32,343
0%
La Grange 15,667
0%
La Grange Park 13,011
0%
Laguna Hills 30,243
0%
Laguna Woods 16,998
0%
Lake Elmo 13,756
0%
Lake Forest Park 13,006
0%
Lake in the Hills 28,661
0%
Lake Jackson 27,768
0%
Lake Mary 16,709
0%
Lake Station 13,047
0%
Lake Stevens 40,521
0%
Lake St. Louis 18,661
0%
Lake Wales 16,681
0%
Lake Worth Beach 43,346
0%
Lake Zurich 19,676
0%
La Marque 19,605
0%
Lansdale 18,978
0%
Lansdowne 11,077
0%
Lantana 12,086
0%
La Palma 15,029
0%
La Porte 22,486 | 36,991
0%
La Puente 36,516
0%
La Quinta 39,081
0%
Larkspur 12,589
0%
Lathrop 39,857
0%
Laurinburg 15,021
0%
La Vergne 39,597
0%
Lawndale 30,155
0%
Lemon Grove 27,569
0%
Lemont 17,575
0%
Lemoore 26,809
0%
Lenoir 18,238
0%
Lenoir City 11,754
0%
Leon Valley 11,337
0%
Levelland 12,530
0%
Liberty Lake 13,188
0%
Libertyville 20,332
0%
Lilburn 15,862
0%
Lincolnton 12,128
0%
Lincolnwood 12,872
0%
Lindenhurst 14,339 | 26,972
0%
Lindenwold 21,685
0%
Lino Lakes 22,376
0%
Lisle 23,222
0%
Little Elm 58,496
0%
Little Ferry 10,914
0%
Live Oak 15,988
0%
Lockhart 15,318
0%
Locust Grove 11,199
0%
Loma Linda 25,111
0%
Lombard 43,779
0%
Lomita 19,782
0%
Lone Tree 14,063
0%
Long Branch 32,745
0%
Los Gatos 32,216
0%
Lovejoy 12,080
0%
Loves Park 23,335
0%
Lower Burrell 11,561
0%
Lumberton 14,129 | 19,121
0%
Lynbrook 20,071
0%
Lyndhurst 13,641
0%
Lynn Haven 20,501
0%
Macedonia 12,025
0%
Machesney Park 22,630
0%
Macomb 14,849
0%
Maitland 19,215
0%
Malvern 11,080
0%
Mamaroneck 19,533
0%
Manassas Park 16,361
0%
Mandeville 12,999
0%
Manor 20,209
0%
Manvel 17,261
0%
Marana 58,430
0%
Marco Island 16,210
0%
Massapequa Park 16,826
0%
Massillon 32,439
0%
Matteson 18,293
0%
Mattoon 16,560
0%
Maumee 13,633
0%
Maumelle 19,452
0%
Mayfield Heights 19,793
0%
McComb 11,914
0%
McCordsville 11,273
0%
McHenry 28,251
0%
McPherson 13,906
0%
Mebane 20,212
0%
Medina 25,889
0%
Melrose Park 23,666
0%
Melvindale 12,402
0%
Mendota 12,530
0%
Mendota Heights 11,564
0%
Menlo Park 31,690
0%
Menomonee Falls 39,700
0%
Menomonie 16,642
0%
Mentor 46,929
0%
Mequon 25,489
0%
Mercedes 16,732
0%
Mercer Island 24,742
0%
Merriam 10,875
0%
Merrillville 36,347
0%
Miami Lakes 31,238
0%
Miamisburg 19,814
0%
Miami Shores 11,530
0%
Miami Springs 13,325
0%
Middleburg Heights 15,597
0%
Millbrae 22,087
0%
Millbrook 17,367
0%
Milledgeville 16,486
0%
Mill Valley 13,792
0%
Mineola 21,169
0%
Minneola 18,001
0%
Minooka 12,879
0%
Mint Hill 27,815
0%
Mishawaka 50,842
0%
Mokena 19,759
0%
Moncks Corner 16,621
0%
Moody 13,595
0%
Moorpark 35,543
0%
Moraga 16,547
0%
Morgan Hill 44,478
0%
Morton Grove 24,131
0%
Moss Point 11,890
0%
Moultrie 14,565
0%
Mounds View 12,782
0%
Mountain Brook 21,737
0%
Mount Dora 17,756
0%
Mount Juliet 42,912
0%
Mountlake Terrace 21,516
0%
Mukilteo 21,011
0%
Mundelein 31,790
0%
Murrysville 20,745
0%
Muscatine 23,341
0%
Natchitoches 17,195
0%
Naugatuck 31,820
0%
Nederland 18,118
0%
Neosho 13,328
0%
New Brighton 22,228
0%
Newburgh 28,237
0%
New Carrollton 13,405
0%
New Franklin 13,788
0%
New Hope 20,705
0%
New Kensington 11,911
0%
New Lenox 28,047
0%
New Milford 16,889
0%
New Philadelphia 17,440
0%
New Port Richey 17,708
0%
Niceville 16,490
0%
Nolensville 15,437
0%
Norridge 14,620
0%
North Adams 12,483
0%
North Arlington 16,370
0%
North Branch 11,791
0%
North Canton 17,637
0%
Northglenn 38,164
0%
North Liberty 21,345
0%
North Logan 11,711
0%
North Mankato 14,091
0%
North Olmsted 31,538
0%
North Ridgeville 37,058
0%
North Royalton 30,687
0%
Norton Shores 25,005
0%
Norwood 19,046
0%
Oak Forest 26,199
0%
Oak Harbor 24,016
0%
Oak Ridge 33,397
0%
Ocean Springs 18,997
0%
Ocoee 49,261
0%
Okmulgee 11,376
0%
Oldsmar 14,831
0%
Opa-locka 15,794
0%
Opelousas 15,390
0%
Orinda 19,364
0%
Oro Valley 48,311
0%
Oskaloosa 11,448
0%
Otsego 23,241
0%
Ottumwa 25,252
0%
Oviedo 41,231
0%
Owasso 41,162
0%
Owatonna 26,534
0%
Owosso 14,581
0%
Painesville 20,605
0%
Palisades Park 20,102
0%
Palmer Town 12,315
0%
Palmetto Bay 24,264
0%
Palmview 15,874
0%
Palos Heights 11,515
0%
Palos Hills 17,759
0%
Park Forest 20,763
0%
Parlier 14,426
0%
Parma Heights 20,431
0%
Pataskala 18,346
0%
Patchogue 12,337
0%
Payson 16,731 | 24,054
0%
Pekin 31,126
0%
Pelham 25,121
0%
Pella 10,820
0%
Pell City 13,924
0%
Perrysburg 25,236
0%
Peru 10,953
0%
Pewaukee 16,293
0%
Picayune 11,862
0%
Pickerington 25,256
0%
Pike Road 11,117
0%
Pinecrest 18,051
0%
Pinehurst 18,449
0%
Pingree Grove 11,137
0%
Pinole 18,481
0%
Piqua 20,747
0%
Placentia 52,192
0%
Pleasant Hill 11,617 | 33,802
0%
Pleasant Prairie 21,818
0%
Pleasant View 11,265
0%
Pompton Lakes 10,874
0%
Pooler 29,544
0%
Port Chester 30,584
0%
Port Hueneme 21,217
0%
Port Lavaca 11,212
0%
Port Neches 13,591
0%
Port Orchard 17,950
0%
Port Wentworth 14,468
0%
Poulsbo 12,171
0%
Powder Springs 18,950
0%
Powell 14,491
0%
Prairie Village 22,900
0%
Prichard 18,816
0%
Prospect Heights 15,334
0%
Prosper 41,660
0%
Punta Gorda 20,227
0%
Radcliff 22,749
0%
Radford 16,971
0%
Rancho Mirage 17,795
0%
Randolph Town 34,487
0%
Rantoul 11,956
0%
Ravenna 11,215
0%
Raymore 25,306
0%
Red Oak 18,624
0%
Reedley 25,958
0%
Reidsville 14,585
0%
Republic 20,144
0%
Reynoldsburg 41,220
0%
Richton Park 12,322
0%
Ridgefield Park 13,135
0%
Ridgewood 26,194
0%
Rincon 11,624
0%
Ringwood 11,451
0%
Riverbank 25,001
0%
River Forest 11,227
0%
Riviera Beach 38,663
0%
Robbinsdale 13,968
0%
Rockledge 29,452
0%
Rockville Centre 25,578
0%
Rocky River 21,236
0%
Rohnert Park 44,546
0%
Rolesville 11,297
0%
Rolling Meadows 23,329
0%
Roscoe 10,843
0%
Roselle 22,342 | 22,508
0%
Roselle Park 13,932
0%
Rosenberg 41,104
0%
Round Lake 18,430
0%
Round Lake Beach 26,783
0%
Royse City 24,138
0%
Ruston 22,233
0%
Rye 16,202
0%
Sachse 32,294
0%
Safety Harbor 16,955
0%
Sahuarita 36,356
0%
Salem Lakes 14,367
0%
Sand Springs 20,075
0%
Sanger 26,343
0%
San Marino 11,977
0%
Santaquin 17,532
0%
Sapulpa 22,981
0%
Saraland 16,435
0%
Sartell 19,726
0%
Satellite Beach 11,343
0%
Sauk Rapids 13,775
0%
Savage 32,999
0%
Schererville 29,657
0%
Schiller Park 11,164
0%
Scotts Valley 11,879
0%
Seabrook 13,662
0%
Seagoville 19,643
0%
Searcy 23,813
0%
Seaside 31,317
0%
Sedalia 22,086
0%
Sedro-Woolley 12,940
0%
Seguin 36,013
0%
Seven Hills 11,499
0%
Severance 10,820
0%
Shafter 21,915
0%
Shaker Heights 28,541
0%
Shakopee 47,158
0%
Sharonville 13,882
0%
Shepherdsville 14,691
0%
Shively 15,455
0%
Shorewood 13,603 | 18,369
0%
Show Low 12,192
0%
Siloam Springs 19,336
0%
Snellville 22,067
0%
Snyder 11,187
0%
Soddy-Daisy 13,234
0%
Solana Beach 12,675
0%
Soledad 23,947
0%
Solon 23,702
0%
Somersworth 12,192
0%
Somerton 14,594
0%
Southbridge Town 17,880
0%
South Elgin 24,277
0%
South El Monte 19,032
0%
Southern Pines 16,728
0%
South Euclid 21,264
0%
South Holland 20,483
0%
South Houston 15,808
0%
South Milwaukee 20,211
0%
South Ogden 17,678
0%
South River 15,931
0%
Spanish Fort 10,923
0%
Stallings 17,212
0%
St. Clair Shores 57,548
0%
Steamboat Springs 13,508
0%
St. Michael 21,034
0%
Stockbridge 35,452
0%
Stonecrest 60,677
0%
Storm Lake 11,434
0%
Streamwood 37,780
0%
Streator 12,269
0%
Streetsboro 17,796
0%
Strongsville 45,511
0%
Suamico 13,225
0%
Suffern 11,341
0%
Suisun City 28,743
0%
Sumner 10,853
0%
Sunny Isles Beach 21,885
0%
Sycamore 18,682
0%
Sylvania 19,035
0%
Tahlequah 16,833
0%
Takoma Park 17,464
0%
Tallmadge 18,317
0%
Tarboro 10,859
0%
Tarpon Springs 25,872
0%
Tavares 21,061
0%
Tega Cay 14,057
0%
Temple Terrace 26,972
0%
Terrell 21,480
0%
Thibodaux 15,646
0%
Tiffin 17,603
0%
Tifton 17,357
0%
Tinley Park 53,886
0%
Tinton Falls 19,354
0%
Tomball 14,201
0%
Town and Country 11,553
0%
Tremonton 12,411
0%
Trophy Club 13,666
0%
Trotwood 22,940
0%
Trussville 26,770
0%
Tukwila 21,135
0%
Tullahoma 21,001
0%
Tumwater 27,239
0%
Twinsburg 19,439
0%
Universal City 20,028
0%
University Heights 13,203
0%
Upper Arlington 35,743
0%
Vadnais Heights 12,632
0%
Vernon Hills 26,677
0%
Villa Park 21,727
0%
Villa Rica 18,703
0%
Vineyard 14,500
0%
Waconia 13,742
0%
Wadsworth 24,709
0%
Wallington 11,825
0%
Wanaque 11,048
0%
Warrensville Heights 13,388
0%
Washington Court House 14,412
0%
Washougal 16,985
0%
Watauga 22,934
0%
Watertown Town 35,256
0%
Wauconda 13,891
0%
Waukee 31,645
0%
Waupun 11,039
0%
Waxhaw 23,073
0%
Waycross 13,714
0%
Weatherford 12,023 | 38,109
0%
Weddington 14,080
0%
Wendell 14,400
0%
Weslaco 43,053
0%
West Carrollton 12,874
0%
West Columbia 18,316
0%
Western Springs 13,290
0%
Westerville 37,958
0%
West Mifflin 18,916
0%
Westmont 23,933
0%
West Springfield Town 28,424
0%
West University Place 14,791
0%
Wheat Ridge 31,804
0%
Whitefish Bay 14,553
0%
White House 15,340
0%
White Settlement 18,005
0%
Whitestown 13,049
0%
Wickliffe 12,616
0%
Wildomar 37,087
0%
Wilkinsburg 13,813
0%
Willoughby 24,163
0%
Willowick 14,123
0%
Wilton Manors 11,403
0%
Winder 19,669
0%
Winfield 11,669
0%
Winnetka 12,292
0%
Winter Springs 38,941
0%
Wixom 17,134
0%
Wood Dale 13,774
0%
Woodhaven 12,559
0%
Woodinville 13,718
0%
Woods Cross 11,480
0%
Wyandotte 24,057
0%
No matching quizzes found
Score Distribution
Percent of People with Each Score
Percentile by Number Answered
Your Score History
You have not taken this quiz